| 000 | 00571nam a22002297a 4500 | ||
|---|---|---|---|
| 003 | OSt | ||
| 005 | 20220107122732.0 | ||
| 008 | 140404b xxu||||| |||| 00| 0 eng d | ||
| 020 | _a9788184048964 | ||
| 040 | _cIIITM-K | ||
| 082 | _a006.74X RAY/L | ||
| 100 |
_aRay, Erik T _93442 |
||
| 245 |
_aLarning XML _cby Erik T Ray |
||
| 250 | _a2nd ed. | ||
| 260 |
_aMumbai, _bO'Reilly, _c2003. |
||
| 300 | _axiv, 400p. | ||
| 650 |
_aCOMPUTER SCIENCE _93443 |
||
| 650 |
_aWEB TECHNOLOGY _93444 |
||
| 650 |
_aMARK UP LANGUAGES _93445 |
||
| 650 |
_aXML _93446 |
||
| 942 |
_2ddc _cBK |
||
| 999 |
_c3662 _d3662 |
||